000
00244nam a22001217a 4500
041
_a
ENG
100
_a
Singh .V.P
245
_a
Theory of Machines
260
_a
Pune
_b
Dhanpat rai & Co
_c
1999
300
_a
928
650
_a
FMP
856
_u
FMP
999
_c
525
_d
525